00505nam a22001217a 4500008004100000020001500041050002200056245019300078260004600271300002200317440002200339700002200361140901b xxu||||| |||| 00| 0 eng d a0406092125 aKD275.4.L39(1934) aThe Law Reports of the Incorporated Council of Law Reporting, Appeal Cases(1934): House of Lords, Judicial Committee of the Privy Council and Peerage Cases. / cedited by Frederick Pollock aLondon:bButterworth and Co. Ltd.,c1934. axiv,600p.:c24cm. pAppeal Cases,1934 aPollock,Frederick